Statistica TM

Αποθηκεύτηκε σε:
Λεπτομέρειες βιβλιογραφικής εγγραφής
Μορφή: Βιβλίο
Γλώσσα:Undetermined
Έκδοση: Tulsa StatSoft 1995
Θέματα:
Ετικέτες: Προσθήκη ετικέτας
Δεν υπάρχουν, Καταχωρήστε ετικέτα πρώτοι!
Thư viện lưu trữ: Trung tâm Học liệu Trường Đại học Cần Thơ
LEADER 00381nam a2200157Ia 4500
001 CTU_160766
008 210402s9999 xx 000 0 und d
082 |a 519.2 
082 |b S797/Vol.3 
245 0 |a Statistica TM 
260 |a Tulsa 
260 |b StatSoft 
260 |c 1995 
650 |a Statistics 
904 |i Giang 
980 |a Trung tâm Học liệu Trường Đại học Cần Thơ